FOOD COSTING (Record no. 21042)

MARC details
000 -LEADER
fixed length control field 00272nam a22001337a 4500
003 - CONTROL NUMBER IDENTIFIER
control field SGT
020 ## - INTERNATIONAL STANDARD BOOK NUMBER
International Standard Book Number 81-920935-8-1
082 ## - DEWEY DECIMAL CLASSIFICATION NUMBER
Classification number 641
Item number SAR
100 ## - MAIN ENTRY--PERSONAL NAME
Personal name SARKAR, AMIT
245 ## - TITLE STATEMENT
Title FOOD COSTING
260 ## - PUBLICATION, DISTRIBUTION, ETC. (IMPRINT)
Place of publication, distribution, etc DELHI
Name of publisher, distributor, etc NAMAN PUB.
Year of Publication 2011
300 ## - PAGE DESCRIPTION
No. of Pages 277
942 ## - ADDED ENTRY ELEMENTS (KOHA)
Source of classification or shelving scheme Dewey Decimal Classification
Koha item type Books
Holdings
Withdrawn status Lost status Source of classification or shelving scheme Damaged status Not for loan Collection code Home library Current library Shelving location Date acquired Vendor Name Cost, normal purchase price SGTU Bill Number Total Checkouts Full call number Accession No. (Barcode) Date last seen Bill Date Koha item type
    Dewey Decimal Classification     HOTEL MANAGEMENT SGT Science & Social Sciences Library SGT Science & Social Sciences Library Text Book 23/04/2021 JINDAL 350.00 SGTU 2230   641 SAR HM1091 23/04/2021 24/03/2021 Books
    Dewey Decimal Classification     HOTEL MANAGEMENT SGT Science & Social Sciences Library SGT Science & Social Sciences Library Text Book 23/04/2021 JINDAL 350.00 SGTU 2230   641 SAR HM1092 23/04/2021 24/03/2021 Books
    Dewey Decimal Classification     HOTEL MANAGEMENT SGT Science & Social Sciences Library SGT Science & Social Sciences Library Text Book 23/04/2021 JINDAL 350.00 SGTU 2230   641 SAR HM1093 23/04/2021 24/03/2021 Books
    Dewey Decimal Classification     HOTEL MANAGEMENT SGT Science & Social Sciences Library SGT Science & Social Sciences Library Text Book 23/04/2021 JINDAL 350.00 SGTU 2230   641 SAR HM1094 23/04/2021 24/03/2021 Books
    Dewey Decimal Classification     HOTEL MANAGEMENT SGT Science & Social Sciences Library SGT Science & Social Sciences Library Text Book 23/04/2021 JINDAL 350.00 SGTU 2230   641 SAR HM1095 23/04/2021 24/03/2021 Books